000 00399nam a2200145Ia 4500
008 100415s9999 xx 000 0 und d
082 _b11285
_a598.13
100 _aTikader B.K.
245 _aHandbook Indian testudines
260 _aCALCUTTA
_c1985
_bZOOLOGICAL SURVEY OF INDIA
365 _b150
630 _aHandbook Indian testudines
730 _aHandbook Indian testudines
942 _cBOOK
999 _c594208
_d594205